000 00478nam a2200181Ia 4500
008 210719s2016 xx 000 0 und d
020 _a978-9-388-75449-1
041 _aeng
082 _a820.33 VENS
100 _aVENKATRAMAN (Sundari)
245 _aSmitten husband
260 _aChennai
_bWestland books pvt ltd.,
_c2016
300 _a155
_bPB
365 _b199
_cRs
650 _aIndian English Fiction
650 _aIndian English Fiction
906 _ahusband ; Smitten
999 _c211769
_d211769